Las TLCs en educación: una metodología para valorar impacto social y condiciones de equidad /

Պահպանված է:
Մատենագիտական մանրամասներ
Հիմնական հեղինակ: Zúñiga Céspedes, Magaly
Ձևաչափ: Տեքստ
Խորագրեր:
Ցուցիչներ: Ավելացրեք ցուցիչ
Չկան պիտակներ, Եղեք առաջինը, ով նշում է այս գրառումը!

MARC

LEADER 00000 a a2200000 04500
001 7500
003
040
100 |a Zúñiga Céspedes, Magaly  
245 |a Las TLCs en educación:   |b una metodología para valorar impacto social y condiciones de equidad /  |c Magaly Zúñiga Céspedes 
650 |a EQUIDAD SOCIAL  
650 |a DESARROLLO SOCIAL  
650 |a TECNOLOGIA DE LA INFORMACION  
650 |a TECNOLOGIA DE LA COMUNICACION  
650 |a METODOLOGIA  
650 |a CAMBIO TECNOLOGICO  
650 |a CONDICIONES DE VIDA  
650 |a OPORTUNIDADES DE EDUCACION  
650 |a DEMOCRATIZACION DE LA EDUCACION  
773 |g número 16; páginas 50-52  
999 |c 35986  |d 35986